00491nam a2200181Ia 4500003000900000008004100009040001300050040001300063041000800076100002300084245010500107250001800212260001700230260000900247300001000256490003700266490000600303IT-RoPAU120407s9999 xx 000 0 und d aIT-RoPAU cIT-RoPAU aita aEdoardo Scarfoglio aIl processo di Frine. Brutta gente. In “narratori dell’Ottocento e del primo Novecento “Vol IV aMilano-Napoli aR. Ricciardi c1966 c22 cm aLa Lett. It. Storia e testi 64/4 v1